000 00786nam a2200241Ia 4500
003 OSt
005 20220923212100.0
006 a|||||r|||| 00| 0
007 ta
008 220922b |||||||| |||| 00| 0 hin d
024 _a150,609
037 _cTextual
040 _aARTS
_cARTS
_bhin
041 _2hin
_ahin
082 _aD854, 152N3
100 _aसिंह, सीताराम
245 0 _aपर्यावरण प्रदूषण
_b संकट और निवारण
246 _aParyāvaraṇ pradūṣhaṇa: sankaṭ aur nivāraṇa
260 _aदिल्ली
_b शुभ कामना
_c1993
300 _a88 पृ.
_ccm.
942 _hD854, 152N3
_cTEXL
_2CC
999 _c306289
_d306289